Music Quiz

Random Music or Album Quiz

Tracks on The Internet's 'Hive Mind' Quiz Stats

 Plays Quiz not verified by Sporcle

Score 0/13 Timer 05:00
0 Plays Today
Track # Song % Correct
1Come Together
100%
2Roll (Burbank Funk)
100%
12Beat Goes On
100%
3Come Over
50%
4La Di Da
50%
5Stay the Night
50%
6Bravo
50%
7Mood
50%
8Next Time / Humble Pie
50%
9It Gets Better (With Time)
50%
11Wanna Be
50%
10Look What U Started
0%
13Hold On
0%

You're not logged in!

Compare scores with friends on all Sporcle quizzes.
OR
Log In

Show Comments

Extras

Created Aug 14, 2019ReportNominate
Tags:Album Quiz, Rap Quiz, Hip-Hop

Top Quizzes Today


Score Distribution

Your Account Isn't Verified!

In order to create a playlist on Sporcle, you need to verify the email address you used during registration. Go to your Sporcle Settings to finish the process.

Report this User

Report this user for behavior that violates our Community Guidelines.

Details: